000 00268nam a2200109Ia 4500
008 200302s9999 xx 000 0 und d
100 _aShivsharan Sharma
245 _aGotechnical earthquake engineering
260 _bRandom Publications
260 _c2017
300 _a312
999 _c6447
_d6447